000 00347nam a2200133 i 4500
001 bg
100 1 _aKOCIŃSKI, Jerzy.
245 0 _aWstęp do fizyki współczesnej.
_nT. 1,
_pPodstawy teoretyczne /
_cJerzy Kociński.
260 _aWarszawa,
_c1976.
040 _cBPK
041 _apol
942 _cKS
008 s pl f |000 0 pol
999 _c17257
_d17257
856 _uhttp://koha.tu.koszalin.pl/cgi-bin/koha/opac-detail.pl?biblionumber=17257
_yKatalog online BPK